Poverty Alleviation in Pakistan / (Record no. 533939)

000 -LEADER
fixed length control field 00358nam a22001457a 4500
003 - CONTROL NUMBER IDENTIFIER
control field NUST
020 ## - INTERNATIONAL STANDARD BOOK NUMBER
International Standard Book Number 9694022606
Qualifying information H/B.
038 ## - RECORD CONTENT LICENSOR
Staff Name waseem
082 ## - DEWEY DECIMAL CLASSIFICATION NUMBER
Classification number 339.46095491
Author Mark HUS
100 ## - MAIN ENTRY--PERSONAL NAME
Personal name Hussain, Akmal
9 (RLIN) 10504
245 ## - TITLE STATEMENT
Title Poverty Alleviation in Pakistan /
Statement of responsibility, etc. Akmal Hussain
260 ## - PUBLICATION, DISTRIBUTION, ETC.
Place of publication, distribution, etc. Lahore :
Name of publisher, distributor, etc. Vanguard,
Date of publication, distribution, etc. 1994.
300 ## - PHYSICAL DESCRIPTION
Extent 140 p.
942 ## - ADDED ENTRY ELEMENTS (KOHA)
Source of classification or shelving scheme
Koha item type Book
Holdings
Withdrawn status Lost status Source of classification or shelving scheme Damaged status Not for loan Permanent Location Current Location Date acquired Source of acquisition Total Checkouts Full call number Barcode Checked out Date last seen Date last checked out Price effective from Koha item type
          Central Library (CL) Central Library (CL) 01/25/2020 Donation 1 339.46095491 HUS CL-D-852 10/24/2025 09/24/2025 09/24/2025 01/25/2020 Book
© 2023 Central Library, National University of Sciences and Technology. All Rights Reserved.